El nido más bello del mundo / (Registro nro. 6829)
[ vista simple ]
| 000 -LEADER | |
|---|---|
| fixed length control field | 00874nam a22002537a 4500 |
| 003 - CONTROL NUMBER IDENTIFIER | |
| control field | OSt |
| 005 - DATE AND TIME OF LATEST TRANSACTION | |
| control field | 20250710143823.0 |
| 008 - FIXED-LENGTH DATA ELEMENTS--GENERAL INFORMATION | |
| fixed length control field | 200909b1996 ck a|||br|||| 00| 0 spa d |
| 020 ## - INTERNATIONAL STANDARD BOOK NUMBER | |
| International Standard Book Number | 9583002755 |
| 040 ## - CATALOGING SOURCE | |
| Original cataloging agency | CO-JMCR |
| Transcribing agency | CO-JMCR |
| 041 0# - LANGUAGE CODE | |
| Language code of text/sound track or separate title | spa |
| 082 04 - DEWEY DECIMAL CLASSIFICATION NUMBER | |
| Edition number | 23 |
| Classification number | N |
| Item number | NIÑn |
| 100 1# - MAIN ENTRY--PERSONAL NAME | |
| Personal name | Niño, Jairo Aníbal, |
| Relator term | autor |
| 9 (RLIN) | 2964 |
| 245 13 - TITLE STATEMENT | |
| Title | El nido más bello del mundo / |
| Statement of responsibility, etc. | Jairo Aníbal Niño |
| 250 ## - EDITION STATEMENT | |
| Edition statement | Primera edición |
| 260 ## - PUBLICATION, DISTRIBUTION, ETC. | |
| Place of publication, distribution, etc. | Bogotá : |
| Name of publisher, distributor, etc. | Panamericana, |
| Date of publication, distribution, etc. | 1992. |
| 300 ## - PHYSICAL DESCRIPTION | |
| Extent | 79 páginas : |
| Other physical details | ilustraciones a color ; |
| Dimensions | 18 cm. |
| 490 1# - SERIES STATEMENT | |
| Series statement | Colección osito de anteojos ; |
| -- | Ecosistema |
| 520 0# - SUMMARY, ETC. | |
| Summary, etc. | Zer, el gorrión y lía, la gorriona, fueron la comidilla del día en todos los árboles, tejados y jardines. |
| 650 24 - SUBJECT ADDED ENTRY--TOPICAL TERM | |
| Topical term or geographic name entry element | Animales en la literatura |
| 9 (RLIN) | 10003 |
| 650 24 - SUBJECT ADDED ENTRY--TOPICAL TERM | |
| Topical term or geographic name entry element | Novela infantil |
| 9 (RLIN) | 1227 |
| 650 24 - SUBJECT ADDED ENTRY--TOPICAL TERM | |
| Topical term or geographic name entry element | Literatura infantil |
| 9 (RLIN) | 10004 |
| 942 ## - ADDED ENTRY ELEMENTS (KOHA) | |
| Source of classification or shelving scheme | Dewey Decimal Classification |
| Koha item type | Books |
| Withdrawn status | Lost status | Source of classification or shelving scheme | Damaged status | Not for loan | Home library | Current library | Shelving location | Date acquired | Source of acquisition | Total Checkouts | Full call number | Barcode | Date last seen | Date last checked out | Copy number | Price effective from | Koha item type |
|---|---|---|---|---|---|---|---|---|---|---|---|---|---|---|---|---|---|
| Dewey Decimal Classification | Biblioteca Pública José María del Castillo y Rada | Biblioteca Pública José María del Castillo y Rada | General Stacks | 04/15/2018 | Donación | 3 | N NIÑn | 201811634 | 03/11/2026 | 03/11/2026 | Ej.1 | 04/15/2018 | Books |